000 00369nam a2200145Ia 4500
008 090124s9999 xx 000 0 und d
082 _b201457
245 _a अधांतर
250 _a1
260 _bराजाध्यक्ष विजया
_c1965
300 _a238
630 _a अधांतर
730 _a अधांतर
942 _cBOOK
999 _c183038
_d183038